Quick Pick: Movie Time Quiz Stats

 Plays Quiz Updated May 1, 2016

Challenge
Share
Tweet
Embed
Score 0/7 Timer 00:30
12 Plays Today
% Correct
Seconds
92.2%
Hours
76.1%
Days
68.4%
Weeks
67.4%
Minutes
66.9%
Months
66.7%
Years
60.7%

Today's Daily Dose

You're not logged in!

Compare scores with friends on all Sporcle quizzes.
OR
Log In

You Might Also Like...

Show Comments

Extras

Top Quizzes Today


Score Distribution

Your Account Isn't Verified!

In order to create a playlist on Sporcle, you need to verify the email address you used during registration. Go to your Sporcle Settings to finish the process.

Report this User

Report this user for behavior that violates our Community Guidelines.

Details: